| 000 | 01014cam a22003258i 4500 | ||
|---|---|---|---|
| 003 | OSt | ||
| 005 | 20180829193703.0 | ||
| 008 | 130328s2013 enk b 001 0 eng | ||
| 020 | _a9781118373774 (pbk. : alk. paper) | ||
| 020 | _z9781118373767 (ePDF) | ||
| 020 | _z9781118373750 (ePub) | ||
| 020 | _z9781118373743 (Mobi) | ||
| 020 | _z9781118373736 (CourseSmart) | ||
| 020 | _z9781118373729 (VitalSource) | ||
| 040 |
_aDNLM/DLC _cDLC _erda _beng |
||
| 042 | _apcc | ||
| 050 | 0 | 0 | _aQM23.2 |
| 060 | 1 | 0 | _aQS 4 |
| 082 | 0 | 0 |
_a612 _223 _bEHC |
| 100 | 1 |
_aEllis, Harold, _d1926- _eauthor. _913927 |
|
| 245 | 1 | 0 |
_aClinical anatomy : _bapplied anatomy for students and junior doctors / _cHarold Ellis, Vishy Mahadevan. |
| 250 | _aThirteenth edition. | ||
| 300 |
_ap. ; _ccm. |
||
| 504 | _aIncludes bibliographical references and index. | ||
| 650 | 1 | 2 |
_aAnatomy. _964668 |
| 700 | 1 |
_aMahadevan, Vishy, _eauthor. _964669 |
|
| 942 | _cBOOK | ||
| 263 | _a1309 | ||
| 906 |
_a7 _bcbc _corignew _d1 _eecip _f20 _gy-gencatlg |
||
| 999 |
_c42703 _d312323 |
||